000
00309nam a22001217a 4500
040
_c
Nust
082
_a
CH- 297
_b
ALA
100
_a
Alam Faqri
_9
66363
245
_a
ماں باپ کی خدمت
260
_a
Lahore:
_b
Idara Pegham ul Quran,
650
_a
ماں باپ کی خدمت
_9
127697
942
_2
ddc
_c
BK
999
_c
612748
_d
612748